000
00283nam a2200109Ia 4500
008
260210s9999 xx 000 0 und d
020
_a
9780500514573
100
_a
Laura Houseley
245
4
_a
The Independent Design Guide (Price Printed)
260
_b
Thames & Hudson
942
_c
BDES
999
_c
14109
_d
14109